| 000 | 00604nam a2200229Ia 4500 | ||
|---|---|---|---|
| 008 | 180523s9999 xx 000 0 und d | ||
| 020 | _a978-007-128900-9 | ||
| 050 | _aMAIN BF 121 | ||
| 050 | _b.F45 2010 | ||
| 100 | _aFeist, Gregory J. | ||
| 245 | 0 | _aPsychology : | |
| 245 | 0 | _bmaking connections / | |
| 245 | 0 | _cGregory J. Feist, Erika L. Rosenberg. | |
| 260 | _aNew York : | ||
| 260 | _bMcGraw-Hill, | ||
| 260 | _c2010 | ||
| 300 | _a645 pages : | ||
| 300 | _billustrations ; | ||
| 300 | _c26 cm. | ||
| 500 | _aIncludes bibiliographical references and index. | ||
| 650 | _aPsychology. | ||
| 999 |
_c356553 _d356553 |
||